| 000 | 00812cam a2200253 a 4500 | ||
|---|---|---|---|
| 999 |
_c9893 _d9893 |
||
| 001 | 9893 | ||
| 003 | BD-JhCC | ||
| 005 | 20180403095753.0 | ||
| 008 | 111017s1910 enk 000 0 eng d | ||
| 035 | _a(BD-JhCC)9893 | ||
| 040 |
_aBD-JhCC _dBD-JhCC |
||
| 041 | _aeng | ||
| 082 |
_a830 _bVAL 1965 |
||
| 100 | 1 | _aVilliers, Arnold. | |
| 245 | 1 | 0 |
_aRoutledge's complete letter writer : _bfor ladies and gentlemen in society in love and in business / _cby Arnold Villiers. |
| 246 | 1 | 4 | _aRoutledge's complete letter writer for ladies & gentlemen |
| 246 | 3 | 0 | _aComplete letter writer |
| 250 | _aEntirely new and rewritten ed. | ||
| 260 |
_aLondon : _bGeorge Routledge, _c[1910?] |
||
| 300 |
_axiv, 192 p. ; _c20 cm. |
||
| 650 | 0 |
_aLetter writing _vHandbooks, manuals, etc. |
|
| 942 |
_2ddc _cBK |
||